Statistics for US State Flags Without Seals

Click here to take the quiz!

General Stats

  • This quiz has been taken 31 times
  • The average score is 20 of 21

Answer Stats

Answer% Correct
Alaska
100%
Arizona
100%
Arkansas
100%
California
100%
Hawaii
100%
New Mexico
100%
Ohio
100%
Texas
100%
Alabama
96%
Maryland
96%
North Carolina
96%
Colorado
91%
Indiana
91%
Iowa
91%
Mississippi
91%
Rhode Island
91%
South Carolina
91%
Tennessee
91%
Oklahoma
87%
Nevada
74%
North Dakota
70%

Score Distribution

Percentile by Number Answered

Percent of People with Each Score

Your Score History

You have not taken this quiz